Competitiveness of health resort enterprise - looking for methods of evaluating cross-border competitiveness of health resort enterprises

Konkurencieschopnosť v turizme, jeho povaha, faktory a modely. Modely hodnotenia podnikov kúpeľnej starostivosti.

Saved in:
Bibliographic Details
Main Author: Stankiewicz, Boguslaw
Format: Book Chapter
Language:English
Subjects:
Tags: Add Tag
No Tags, Be the first to tag this record!

MARC

LEADER 00000naa a2200000 4500
001 0155201
005 20230918094258.9
041 0 |a eng 
044 |a SK 
245 1 0 |a Competitiveness of health resort enterprise - looking for methods of evaluating cross-border competitiveness of health resort enterprises  |c Boguslaw Stankiewicz 
520 |a Konkurencieschopnosť v turizme, jeho povaha, faktory a modely. Modely hodnotenia podnikov kúpeľnej starostivosti. 
610 2 0 |a kúpeľníctvo 
610 2 0 |a spolupráca cezhraničná 
610 2 0 |a Poľsko 
610 2 0 |a Slovensko 
610 2 0 |a konkurencieschopnosť 
610 2 0 |a podnikanie 
610 2 0 |a ruch cestovný 
100 1 |a Stankiewicz, Boguslaw